000
00255nam a2200109Ia 4500
008
220204s9999 xx 000 0 und d
082
_a
23/28(729.4)
_b
MET;1
100
_a
Metraux, Alfred
245
0
_a
Voodoo
260
_a
London
_b
Sphere
_c
1974
942
_c
BK
999
_c
28926
_d
28926